Landeskunde vermitteln – Grammatik Üben

Výučba regionálnych štúdií v cudzom jazyku zohráva v súčasnosti mimoriadnu úlohu. Aj keď regionálne štúdie a gramatika sa nepovažujú zručnosti, ich vzájomné spojenie napoháma pri rozvoji čitateľskej zručnosti. Príklady cvičení.

Guardado en:
Detalles Bibliográficos
Autor principal: Kunovská, Ingrid, 1976-
Otros Autores: Kucharová, Jana, 1981-
Formato: Capítulo de libro
Lenguaje:alemán
Materias:
Etiquetas: Agregar Etiqueta
Sin Etiquetas, Sea el primero en etiquetar este registro!

MARC

LEADER 00000naa$a2200000$$$4500
001 0254384
005 20240502074051.2
041 0 |a ger 
044 |a SK 
245 1 0 |a Landeskunde vermitteln – Grammatik Üben  |c Ingrid Kunovská, Jana Kucharová 
520 |a Výučba regionálnych štúdií v cudzom jazyku zohráva v súčasnosti mimoriadnu úlohu. Aj keď regionálne štúdie a gramatika sa nepovažujú zručnosti, ich vzájomné spojenie napoháma pri rozvoji čitateľskej zručnosti. Príklady cvičení. 
610 2 0 |a nemčina 
610 2 0 |a jazyky cudzie 
610 2 0 |a gramatika 
610 2 0 |a štúdie 
610 2 0 |a regióny 
100 1 |a Kunovská, Ingrid, 1976- 
700 1 |a Kucharová, Jana, 1981-